000 00805nam a2200313 a 4500
003 AR-BaBNM
005 20251128210132.0
008 082120s2002 ||||||||||||||000 | spa||
020 _a0-582-52129-7
040 _cAR-BaBNM
100 1 _aDakin, Julian
245 0 0 _aSongs and rhymes for the teaching of english
_bpupil's book
250 _a1ª ed.
260 _aHarlow
_bLongman
_c1993
300 _ap. om.
_bil.
650 4 _aINGLES
650 4 _aLENGUAS GERMANICAS
650 4 _aENSEÑANZA DE IDIOMAS
650 4 _aACTIVIDADES DE APRENDIZAJE
650 4 _aGRAMATICA
650 4 _aENSEÑANZA DEL VOCABULARIO
650 4 _aVOCABULARIO
650 4 _aSINTAXIS
650 4 _aFONOLOGIA
650 4 _aCANCIONES
700 1 _aLang, Barbara
_eilustrador
942 _cBK
998 _cMARTIN
999 _c14201
_d14201